[Event "AUTO-OPEN-3294"]
[Site "http://www.queenalice.com/game.php?id=1296547"]
[Date "2014.7.22"]
[Round "1"]
[White "Artking"]
[Black "Rijo"]
[Result "1-0"]
[WhiteElo "1963"]
[BlackElo "1684"]

1. d4 d5 2. c4 c5 3. e3 e6 4. Nf3 Nc6 5. Nc3 Nf6 6. Bd3 Nb4 7. Bb1 dxc4 8. Ne5
b6 9. Qf3 Bd7 10. a3 Na6 11. O-O Bd6 12. Nxd7 Kxd7 13. Bc2 h5 14. Nb5 Ng4 15.
Qxf7+ Qe7 16. Nxd6 Kxd6 17. dxc5+ Nxc5 18. Rd1+ Nd3 19. Qf4+ e5 20. Qxc4 e4 21.
Bxd3 exd3 22. Rxd3+ Ke5 23. Rd5+ Kf6 24. Qf4+ Kg6 25. Qf5+ Kh6 26. Qxh5# 1-0

[Event "AUTO-OPEN-3294"]
[Site "http://www.queenalice.com/game.php?id=1296548"]
[Date "2014.7.22"]
[Round "1"]
[White "Rijo"]
[Black "Artking"]
[Result "0-1"]
[WhiteElo "1679"]
[BlackElo "2008"]

1. e4 b6 2. e5 Bb7 3. Qe2 e6 4. d4 c5 5. Nf3 cxd4 6. Nxd4 Nc6 7. Nb5 a6 8. Nd6+
Bxd6 9. exd6 Nf6 10. Bf4 Nd4 11. Qd2 Nf5 12. Nc3 Rc8 13. O-O-O b5 14. a4 b4 15.
Nb1 Be4 16. Bd3 Qa5 17. b3 Nd4 18. Bxe4 Nxb3+ 19. Kb2 Nxd2 20. Bxd2 Nxe4 21.
Rhe1 Nc3 22. Nxc3 bxc3+ 23. Bxc3 Qxc3+ 24. Ka2 Qxc2+ 25. Ka1 Rc3 26. Rb1 Ra3#
0-1

[Event "AUTO-OPEN-3294"]
[Site "http://www.queenalice.com/game.php?id=1296575"]
[Date "2014.7.22"]
[Round "1"]
[White "Rijo"]
[Black "brigador"]
[Result "0-1"]
[WhiteElo "1591"]
[BlackElo "2041"]

1. e4 g6 2. e5 Bg7 3. d4 e6 4. f4 a6 5. Bd3 b5 6. Be4 c6 7. b4 Bb7 8. Qf3 d5 9.
Bd3 Nd7 10. Nh3 h6 11. c3 a5 12. a4 axb4 13. cxb4 Ba6 14. Nc3 Bf8 15. Rb1 bxa4
16. b5 cxb5 17. Bxb5 Bxb5 18. Nxb5 a3 19. Bxa3 Qa5+ 20. Kf2 Bxa3 21. Nxa3 Qxa3
22. Qxa3 Rxa3 23. Rhc1 Rd3 24. Rb8+ Nxb8 25. Rc8+ Kd7 26. Rxb8 Rxd4 27. Ke3 Rc4
28. Kd3 Rc8 29. Rb7+ Ke8 30. Nf2 Ne7 0-1

[Event "AUTO-OPEN-3294"]
[Site "http://www.queenalice.com/game.php?id=1296576"]
[Date "2014.7.22"]
[Round "1"]
[White "brigador"]
[Black "Rijo"]
[Result "1-0"]
[WhiteElo "2043"]
[BlackElo "1589"]

1. e4 e5 2. Nf3 Nf6 3. Nxe5 Nxe4 4. Qe2 d5 5. Nf3 Be6 6. d3 Nf6 7. Bg5 Bd6 8.
Nc3 h6 9. Bd2 O-O 10. O-O-O Nc6 11. d4 a6 12. h3 b5 13. Qe1 Re8 14. Be3 Bf5 15.
Qd2 Kh7 16. Nh4 Ne4 17. Nxe4 Bxe4 18. Nf3 Nb4 19. Bd3 Bxd3 20. cxd3 Nxa2+ 21.
Kb1 Nb4 22. Qc1 a5 23. Qc3 a4 24. Ne1 a3 25. Nc2 a2+ 26. Ka1 Nxc2+ 27. Qxc2 b4
28. b3 Ra3 29. Bc1 Qf6 30. Bb2 1-0

[Event "AUTO-OPEN-3294"]
[Site "http://www.queenalice.com/game.php?id=1296577"]
[Date "2014.7.22"]
[Round "1"]
[White "Rijo"]
[Black "TammieM3ENF"]
[Result "1-0"]
[WhiteElo "1676"]
[BlackElo "887"]

1. e4 e5 2. Nf3 f6 3. d4 exd4 4. Qxd4 Nc6 5. Qe3 h5 6. Bc4 Nh6 7. h3 a5 8. b3 d6
9. Bb2 b5 10. Bd5 g5 11. Bxc6+ Bd7 12. Bxa8 Ng4 13. hxg4 Qxa8 14. Bxf6 hxg4 15.
Rxh8 Kf7 16. Nxg5+ Kxf6 17. Nh7+ Kg7 18. Qd4+ Kf7 19. Qf6+ Ke8 20. Qxf8# 1-0

[Event "AUTO-OPEN-3294"]
[Site "http://www.queenalice.com/game.php?id=1296578"]
[Date "2014.7.22"]
[Round "1"]
[White "TammieM3ENF"]
[Black "Rijo"]
[Result "1-0"]
[WhiteElo "887"]
[BlackElo "1520"]

1. g4 e5 2. g5 Qxg5 3. Bg2 Qxg2 4. a4 Qxh1 5. e4 Qxg1+ 6. Ke2 Qxd1+ 7. Kxd1 Nf6
8. d3 Ng4 9. d4 Nxf2+ 10. Ke1 Nxe4 11. dxe5 Nc6 12. Nc3 Nxc3 13. bxc3 Nxe5 14.
h3 g6 15. c4 Bb4+ 16. c3 Bxc3+ 17. Bd2 Nf3+ 18. Ke2 Nxd2 19. Rc1 Bb4 20. Rc3
Bxc3 21. Kd1 Nxc4 22. Kc2 Ba5 23. h4 d5 24. h5 Bf5+ 25. Kb3 1-0

[Event "Checker"]
[Site "http://www.queenalice.com/game.php?id=1298171"]
[Date "2014.7.30"]
[Round "1"]
[White "dbwright308"]
[Black "Rijo"]
[Result "1-0"]
[WhiteElo "1749"]
[BlackElo "1587"]

1. d4 d5 2. Nc3 Nc6 3. e4 dxe4 4. d5 Nb4 5. Bc4 Bf5 6. Be3 e6 7. a3 Na6 8. Qe2
Nf6 9. Bxa6 bxa6 10. dxe6 Bxe6 11. Qxa6 1-0

[Event "AUTO-ADV-3211"]
[Site "http://www.queenalice.com/game.php?id=1300624"]
[Date "2014.8.10"]
[Round "1"]
[White "Rijo"]
[Black "thw"]
[Result "0-1"]
[WhiteElo "1627"]
[BlackElo "1931"]

1. e4 c5 2. Bc4 e6 3. e5 Nc6 4. Nf3 g6 5. d4 cxd4 6. Nxd4 Nxe5 7. Bb5 Bg7 8. O-O
Nf6 9. Bg5 O-O 10. Re1 Nc6 11. Nc3 a6 12. Bxc6 dxc6 13. Bxf6 Bxf6 14. Nf3 Bxc3
15. bxc3 Qc7 16. Ng5 Rd8 17. Qf3 b5 18. Rad1 Bb7 0-1

[Event "AUTO-ADV-3211"]
[Site "http://www.queenalice.com/game.php?id=1300625"]
[Date "2014.8.10"]
[Round "1"]
[White "thw"]
[Black "Rijo"]
[Result "1-0"]
[WhiteElo "1870"]
[BlackElo "1676"]

1. e4 e5 2. Nf3 Nf6 3. Nxe5 Nxe4 4. Qf3 Ng5 5. Qf4 f6 6. Nd3 Bd6 7. Qe3+ Qe7 8.
Nc3 O-O 9. Qxe7 Bxe7 10. b3 Re8 11. Be2 b6 12. Bb2 1-0

[Event "AUTO-ADV-3211"]
[Site "http://www.queenalice.com/game.php?id=1300626"]
[Date "2014.8.10"]
[Round "1"]
[White "Rijo"]
[Black "TITAN10"]
[Result "0-1"]
[WhiteElo "1655"]
[BlackElo "1819"]

1. e4 c5 2. Bc4 Nc6 3. Qf3 Ne5 4. Qb3 Nxc4 5. Qxc4 Qc7 6. d4 d6 7. Bf4 Nf6 8. e5
Nd7 9. Nf3 dxe5 10. Ng5 e6 11. Nxe6 fxe6 12. Qxe6+ Be7 13. Bg5 Qd6 14. Qg4 Nf6
15. Qh4 cxd4 16. Nd2 Bf5 17. O-O-O Rc8 18. b3 b5 0-1

[Event "AUTO-ADV-3211"]
[Site "http://www.queenalice.com/game.php?id=1300627"]
[Date "2014.8.10"]
[Round "1"]
[White "TITAN10"]
[Black "Rijo"]
[Result "1-0"]
[WhiteElo "1809"]
[BlackElo "1665"]

1. e4 e5 2. Nf3 Nf6 3. Nxe5 Nxe4 4. d4 Qf6 5. Be3 c5 6. c3 Nc6 7. Bd3 d5 8. Bxe4
dxe4 9. Nxc6 Qxc6 10. d5 Qb6 11. Qc2 Bf5 12. O-O O-O-O 13. c4 Bd6 14. a3 h5 15.
Nc3 Be5 16. Rab1 Rh6 17. Bxh6 Qxh6 18. Rbe1 1-0

[Event "AUTO-ADV-3211"]
[Site "http://www.queenalice.com/game.php?id=1300628"]
[Date "2014.8.10"]
[Round "1"]
[White "Rijo"]
[Black "maurice91"]
[Result "0-1"]
[WhiteElo "1686"]
[BlackElo "1837"]

1. e4 c6 2. e5 d5 3. d4 c5 4. Bb5+ Bd7 5. c4 Bxb5 6. cxb5 Qa5+ 7. Nc3 cxd4 8.
Qxd4 e6 9. Bd2 Qc7 10. Na4 b6 11. Rc1 Bc5 12. Ne2 Qe7 0-1

[Event "AUTO-ADV-3211"]
[Site "http://www.queenalice.com/game.php?id=1300629"]
[Date "2014.8.10"]
[Round "1"]
[White "maurice91"]
[Black "Rijo"]
[Result "1-0"]
[WhiteElo "1826"]
[BlackElo "1697"]

1. d4 d5 2. Nf3 Bf5 3. Bf4 e6 4. Nbd2 Bd6 5. Bxd6 Qxd6 6. c4 Qb4 7. cxd5 Qxb2 8.
e4 Bg4 9. dxe6 Bxe6 10. d5 Bg4 11. Rb1 Qxa2 12. Rxb7 Qa5 13. Bb5+ 1-0

[Event "Tromat"]
[Site "http://www.queenalice.com/game.php?id=1303356"]
[Date "2014.8.22"]
[Round "2"]
[White "Rijo"]
[Black "teodoricojose"]
[Result "0-1"]
[WhiteElo "1554"]
[BlackElo "1696"]

1. e4 d6 2. d4 Nf6 3. e5 dxe5 4. dxe5 Qxd1+ 5. Kxd1 Ng4 6. Be2 Nxe5 7. Nf3 Nxf3
8. Bxf3 e5 9. Nc3 Bb4 10. Re1 Nd7 11. Bd2 O-O 0-1